书目信息 |
| 题名: |
税收经济学
|
|
| 作者: | 萨拉尼耶 著 ;陈新平 译 | |
| 分册: | ||
| 出版信息: | 北京 中国人民大学出版社 2005 |
|
| 页数: | 269页 | |
| 开本: | 24cm | |
| 丛书名: | 当代世界学术名著. 经济学系列 | |
| 单 册: | ||
| 中图分类: | F810.42 | |
| 科图分类: | ||
| 主题词: | 税收理论 | |
| 电子资源: | ||
| ISBN: | 7-300-06241-5 | |
| 000 | 01196nam0 2200301 450 | |
| 000 | 01220nam0 2200301 450 | |
| 000 | 01150nam0 2200277 450 | |
| 000 | 01114nam0 2200265 45 | |
| 005 | 20070724110607.14 | |
| 010 | @a7-300-06241-5@dCNY28.00 | |
| 100 | @a20070711d2005 em y0chiy0120 ea | |
| 101 | 1 | @achi@ceng |
| 102 | @aCN@b110000 | |
| 105 | @ay z 001yy | |
| 200 | 1 | @a税收经济学@AShui Shou Jing Ji Xue@dThe economics of taxation@f伯纳德·萨拉尼(Bernard Salanie)著@FBo Na De· Sa La Ni (Bernard Salanie) Zhu@g陈新平[等]译@zeng |
| 210 | @a北京@c中国人民大学出版社@d2005 | |
| 215 | @a269页@d24cm | |
| 225 | 2 | @a当代世界学术名著. 经济学系列 |
| 300 | @a世界银行第四期技术援助项目中国国家高级公务员市场经济课程培训能力的开发与研究项目引进图书 | |
| 330 | @a本书把理论与现存的税收体制和重要的实证研究联系起来,对税收对经济决策和均衡产出的影响进行了详尽的研究。 | |
| 410 | 0 | @12001 @a当代世界学术名著. 经济学系列 |
| 510 | 1 | @aEconomics of taxation@zeng |
| 606 | 0 | @a税收理论 |
| 690 | @aF810.42@v4 | |
| 701 | 1 | @c(法)@a萨拉尼耶@ASa La Ni Ye@g(Salanie, Bernard)@4著 |
| 702 | 0 | @a陈新平@AChen Xin Ping@c(经济学)@4译 |
| 801 | 0 | @aCN@bTAOJIN@c20070724 |
| 905 | @a10447@dF810.42@e48 | |
| 税收经济学=The economics of taxation/伯纳德·萨拉尼(Bernard Salanie)著/陈新平[等]译.-北京:中国人民大学出版社,2005 |
| 269页;24cm.-(当代世界学术名著. 经济学系列) |
| 世界银行第四期技术援助项目中国国家高级公务员市场经济课程培训能力的开发与研究项目引进图书 |
| ISBN 7-300-06241-5:CNY28.00 |
| 本书把理论与现存的税收体制和重要的实证研究联系起来,对税收对经济决策和均衡产出的影响进行了详尽的研究。 |
| ● |
| 相关链接 |
|
|
|
|
正题名:税收经济学
索取号:F810.42/48
 
预约/预借
| 序号 | 登录号 | 条形码 | 馆藏地/架位号 | 状态 | 备注 |
| 1 | 0824554 | 208245549 | 第一样本阅览室/ [索取号:F810.42/48] | 在馆 | |
| 2 | 0824555 | 208245558 | 第一借阅区/ [索取号:F810.42/48] | 在馆 | |
| 3 | 0824556 | 208245567 | 密集书库/ [索取号:F810.42/48] | 在馆 | |
| 4 | 0824557 | 208245576 | 第一借阅区/ [索取号:F810.42/48] | 在馆 | |
| 5 | 0824558 | 208245585 | 密集书库/ [索取号:F810.42/48] | 在馆 | |
| 6 | 0824559 | 208245594 | 第一借阅区/ [索取号:F810.42/48] | 在馆 | |
| 7 | 0824560 | 208245601 | 密集书库/ [索取号:F810.42/48] | 在馆 | |
| 8 | 0824561 | 208245610 | 第一借阅区/ [索取号:F810.42/48] | 在馆 |